| 000 | 00502cam a2200181ua 4500 | ||
|---|---|---|---|
| 020 |
_a81 203 1383 6 _c295.00 |
||
| 041 |
_aeng _h |
||
| 082 |
_a005.369 _bMCF/CO |
||
| 100 | _aMcfedries, Paul . | ||
| 245 |
_aComplete idiot`sguide to creating on HTML4Webpage / _cPaul Mcfedries. _hTextual Documents |
||
| 250 |
_a3 / _b. |
||
| 260 |
_aNew Delhi : _bPrentice Hall of India Pvt Ltd. , _c1998. |
||
| 300 | _a380 ; . | ||
| 365 | _a295.00 | ||
| 504 | _a | ||
| 942 | _cBK | ||
| 999 |
_c9537 _d9537 |
||